Joueurs français passés par Villarreal CF - Statistiques

Statistiques générales
  • Ce quiz a été pris 15 fois
  • Le résultat moyen est 3 sur 12
Statistiques - réponses
Années Matchs Nom % Correct
2020-2024 107 Francis Coquelin
85%
2006-2010 129 Robert Pirès
85%
2021-2024 148 Étienne Capoue
69%
2024- 21 Willy Kambwala
31%
2024- 37 Thierno Barry
23%
2015-2016 37 Alphonse Areola
8%
2011-2014 5 Florian Lejeune
8%
1993-1994 7 Andrés Olaya
0%
2023-2024 2 Haissem Hassan
0%
2013-2014 48 Jérémy Perbet
0%
2006-2009 59 Pascal Cygan
0%
2007-2008 14 Rio Mavuba
0%
Aucun quiz correspondant
Distribution des résultats
% des personnes avec chaque résultat
Percentile par nombre de réponses
Votre historique - résultats
Vous n’avez pas pris ce quiz